| 000 | 00700 a2200205 4500 | ||
|---|---|---|---|
| 003 | Nust | ||
| 005 | 20230717103726.0 | ||
| 010 | _a 77082428 | ||
| 020 | _a0675084407 | ||
| 040 | _cNust | ||
| 082 | 0 | 0 | _a551,FOS |
| 100 | 1 |
_aFoster, Robert J. _940254 |
|
| 245 | 1 | 0 |
_aGeneral Geology / _cRobert J. Foster. |
| 250 | _a3rd ed. | ||
| 260 |
_aColumbus, Ohio : _bMerrill, _cc1978. |
||
| 300 |
_axi, 576 p. : _bill. ; _c27 cm. |
||
| 505 | _aIntroduction (Page-1), Composition of the Crust - Minerals and Rocks (Page-21), The External Processes – Erosion (Page-135), Internal Processes – Structural Geology (Page-243), Earth History (Page-329). | ||
| 650 | 0 | _aGeology. | |
| 942 |
_2ddc _cBK _k551,FOS |
||
| 999 |
_c183768 _d183768 |
||